Statistics for Orio al Serio International Airport Destinations (Bergamo, Italy)

Click here to take the quiz!

General Stats

  • This quiz has been taken 28 times
  • The average score is 105 of 145

Answer Stats

AirlineDestination% Correct
RyanairBarcelona
95%
RyanairBerlin
95%
easyJetLondon (Gatwick)
95%
RyanairLondon (Stansted)
95%
RyanairMalaga
95%
RyanairVienna
95%
AeroItalia/Neos/RyanairCatania
90%
RyanairDublin
90%
RyanairEdinburgh
90%
RyanairGran Canaria
90%
AnadoluJet/Pegasus AirlinesIstanbul (Sabiha Gokcen)
90%
Neos/RyanairKos
90%
easyJet/RyanairLisbon
90%
RyanairMadrid
90%
RyanairManchester
90%
easyJet/VoloteaOlbia
90%
AeroItalia/RyanairPalermo
90%
Air Nostrum/RyanairPalma de Mallorca
90%
AeroItalia/Air Albania/Albawings/Wizz AirTirana
90%
RyanairValencia
90%
Wizz AirWarsaw (Chopin)
90%
RyanairWarsaw (Modlin)
90%
RyanairAgadir
85%
RyanairAthens
85%
RyanairBari
85%
Wizz AirBelgrade
85%
Norwegian Air ShuttleBergen
85%
RyanairCagliari
85%
Air Arabia/TUI fly BelgiumCasablanca
85%
RyanairCopenhagen
85%
RyanairCorfu
85%
RyanairCork
85%
RyanairFaro
85%
RyanairGdansk
85%
AeroItalia/Neos/RyanairHeraklion
85%
RyanairIbiza
85%
RyanairKrakow
85%
RyanairMarrakesh
85%
RyanairMarseille
85%
NeosMenorca
85%
VoloteaNantes
85%
RyanairNaples
85%
Norwegian Air ShuttleOslo
85%
easyJetParis (Charles de Gaulle)
85%
VuelingParis (Orly)
85%
RyanairPorto
85%
Neos/RyanairRhodes
85%
AeroItaliaRome (Fiumicino)
85%
RyanairSeville
85%
Ryanair/Wizz AirSofia
85%
RyanairTenerife (South)
85%
RyanairAlicante
80%
RyanairAmman (Queen Alia)
80%
Southwind AirlinesAntalya
80%
RyanairBelfast (International)
80%
RyanairBirmingham
80%
RyanairBrindisi
80%
Ryanair/Wizz AirBucharest (Otopeni)
80%
RyanairBudapest
80%
Air Arabia/AlMasria Universal AirlinesCairo
80%
RyanairChania
80%
RyanairCologne/Bonn
80%
flydubaiDubai (International)
80%
EurowingsDusseldorf
80%
RyanairHamburg
80%
RyanairHelsinki
80%
RyanairLamezia Terme
80%
VoloteaLyon
80%
RyanairPoznan
80%
AlbaStar/NeosSharm El Sheikh
80%
RyanairVilnius
80%
RyanairWroclaw
80%
RyanairZagreb
80%
AeroItalia/RyanairZakynthos
80%
RyanairAlghero
75%
easyJetAmsterdam
75%
RyanairBordeaux
75%
Ryanair/Wizz AirCluj-Napoca
75%
AlbaStar/RyanairFuerteventura
75%
RyanairHahn
75%
RyanairKalamata
75%
RyanairLanzarote
75%
RyanairPrague
75%
RyanairRiga
75%
Georgian AirwaysTbilisi
75%
AeroItalia/RyanairTel Aviv
75%
RyanairToulouse
75%
RyanairBeauvais
70%
RyanairBillund
70%
RyanairBristol
70%
RyanairEindhoven
70%
RyanairFes
70%
RyanairFunchal
70%
Ryanair/Wizz AirIasi
70%
RyanairKatowice
70%
RyanairKefalonia
70%
AeroItalia/VoloteaLampedusa
70%
RyanairLiverpool
70%
RyanairNewcastle upon Tyne
70%
RyanairPaphos
70%
AlbaStarSal
70%
RyanairStockholm (Arlanda)
70%
RyanairTallinn
70%
RyanairThessaloniki
70%
Wizz AirTimisoara
70%
RyanairTrapani
70%
RyanairZadar
70%
RyanairCharleroi
65%
HiSkyChisinau
65%
RyanairLublin
65%
AlbaStar/NeosMarsa Alam
65%
AeroItaliaMykonos
65%
RyanairSantiago de Compostela
65%
RyanairSantorini
65%
RyanairTangier
65%
RyanairWeeze
65%
Air ArabiaAlexandria
60%
VoloteaAsturias
60%
RyanairEast Midlands
60%
RyanairLodz
60%
RyanairMalta
60%
RyanairPreveza
60%
TransaviaRotterdam/The Hague
60%
RyanairZaragoza
60%
RyanairBratislava
55%
AeroItalia/NeosKarpathos
55%
RyanairLuxembourg
55%
VoloteaPantelleria
55%
RyanairSantander
55%
RyanairBrno
50%
AeroItaliaComiso
50%
RyanairCrotone
50%
RyanairGothenburg
50%
RyanairKarlsruhe/Baden-Baden
45%
SpiceJetAmritsar
40%
Wizz AirCraiova
35%
RyanairPescara
35%
Air ArabiaSharjah
35%
RyanairRijeka
30%
AlbaStar/RyanairLourdes
25%
RyanairLappeenranta
10%
RyanairSandefjord
10%
RyanairVitoria
10%
RyanairKnock
5%
Wizz AirSuceava
5%

Score Distribution

Percentile by Number Answered

Percent of People with Each Score

Your Score History

You have not taken this quiz